| 000 | 00798nam a2200229 a 4500 | ||
|---|---|---|---|
| 001 | 000044914 | ||
| 005 | 20241130074013.0 | ||
| 008 | 150119s2014 dr 000 p spa d | ||
| 020 | _a9789945492415 | ||
| 040 |
_aDO-SdBNP _bspa _cBNPHU |
||
| 082 |
_aRD861.44 _bG993L |
||
| 100 | 1 |
_aGúzman Ceballo, Ana Rita _972930 |
|
| 245 | 1 | 0 |
_aLibertad a media luz / _cAna Rita Gúzman Ceballo ; prólogo Odalís Pérez. |
| 260 |
_aSanto Domingo : _bEdiciones Ferilibro _bNacional, _c2014. |
||
| 300 |
_a117 p. ; _c23 cm. |
||
| 500 | _aIncluye datos biográficos de la autora en las solapas | ||
| 590 | _aInventariado, 2018/LP | ||
| 650 | 0 |
_aPoesía dominicana _966 |
|
| 650 | 0 |
_aLiteratura dominicana. _967 |
|
| 700 | 1 | 2 |
_aPérez, Odalís _d1952- _epról. _923828 |
| 910 | _aValidado. Control de calidad MFF | ||
| 999 |
_c44403 _d44403 |
||